000 00509nam a2200157 i 4500
001 44251
003 ES-MaACL
005 20230906161003.0
007 t|
008 030320s1968 sp ||||1| spa d
100 1 _aCiudad Gómez, Juan.
_938944
245 1 0 _aHistoria de la restauración de la Orden Hospitalaria de San Juan de Dios de España /
_cpor Juan Ciudad Gómez.
260 _aGranada :
_bArchivo Interprovincial,
_c1968.
300 _aXXVII, 689 p., 32 lám.
852 _aES-MaACL
_jC-41729
_bR.72801
999 _c44251
_d44251